000 003170000a22001450004500
003 MACL
040 _aMACL
090 _c4200
_d4199
100 _aSharma, A P
245 _aJ. Krishnamurti
_bHis concept Of Freedom
260 _bAjanta Publications
_c1993
350 _a100
650 _aPhilisophy
942 _cBOOK
_k100
999 _c4166
_d4166